Montana Business Quarterly

Bibliographic Details
Format: eBook
Language:English
Published: Estados Unidos University of Montana 1989 - 2014
Subjects:
Online Access:Acceso restringido

MARC

LEADER 00000nam a22000007a 4500
005 20151109114648.0
007 cr|||| |xu|
008 151109s19892014-usm||pos|||| 0|||a1eng d
022 |a 0026-9921  
035 |a 2847 
040 |a vLex 
090 |c 5681  |d 5681 
245 1 0 |a Montana Business Quarterly  |h [Recurso electrn̤ico] /  |c University of Montana 
256 |a Servicio en ln̕ea 
260 |a Estados Unidos   |b University of Montana  |c 1989 - 2014 
300 |a 1 recurso electrn̤ico  
506 1 |a Contenido solo disponible en los productos indicados  |d vLex Global  |d vLex Global (Academic Edition, excluding Law Schools)  |d vLex Global (U.S. Academic Edition, Law Schools)  |d vLex Global (U.S. Academic Edition, excluding Law Schools)  |d vLex Global (Academic Edition, Law Schools) 
650 0 4 |a Negocios  |z Montana 
740 0 |a vLex revista (servicio en ln̕ea)  
856 4 0 |u http://vlex.com/source/montana-business-quarterly-2847  |z Acceso restringido  
942 |c REV 
999 0 |a Negocios